A Belvedere Meridionale Alapítvány hírei 2003/3.

Elmentve itt :
Bibliográfiai részletek
Dokumentumtípus: Cikk
Megjelent: Belvedere Meridionale Szeged 2003
Sorozat:Belvedere Meridionale 15 No. 3-4
Kulcsszavak:Belvedere Meridionale Alapítvány - hírek
Tárgyszavak:
Online Access:http://acta.bibl.u-szeged.hu/4926
LEADER 00693nab a2200181 i 4500
001 acta4926
005 20250730133236.0
008 161015s2003 hu o 000 hun d
040 |a SZTE Egyetemi Kiadványok Repozitórium  |b hun 
041 |a hun 
245 0 2 |a A Belvedere Meridionale Alapítvány hírei   |h [elektronikus dokumentum] :  |b 2003/3. 
260 |a Belvedere Meridionale  |b Szeged  |c 2003 
300 |a 97-98 
490 0 |a Belvedere Meridionale  |v 15 No. 3-4 
650 4 |a Bölcsészettudományok 
650 4 |a Történettudomány és régészet 
695 |a Belvedere Meridionale Alapítvány - hírek 
856 4 0 |u http://acta.bibl.u-szeged.hu/4926/1/belvedere_2003_003_004_097-098.pdf  |z Dokumentum-elérés